000 00847cam a2200205 4500
001 WB3745-08
008 011129n2001 000 0 eng u
035 _a(Sirsi) u115790
245 _aBoosting small businesses
260 _c2001
490 _aHM Customs and Excise News Release
_v(REV/C&E 1) 27 November 2001
520 _aThe Chancellor announced a package of measures designed to encourage investment and growth in small businesses. Including measures to cut compliance codes and to provide a flexible service to businesses in difficulty, the aim is make Britain one of the most competitive business environments in the world.
590 _aWB
650 _aSMALL BUSINESSES
650 _aCOMPLIANCE COSTS
650 _aBUSINESS SUPPORT
650 _aBUSINESS INVESTMENT
690 _aMANAGEMENT-BUSINESS MANAGEMENT
942 _n0
999 _c68969
_d68969